00516nam a2200181Ia 4500008004100000020001800041082001700059100002500076245002800101250000600129260002800135300001000163500002400173650001600197942000700213952009700220999001700317230524s9999 xx 000 0 und d a9789350144817 a621.382bKAT aSapna Katiyar942720 0aSatellite Communication a3 aNew DelhibKatsonc2013 a514p; aQuantity Number: 1 aElectronics cBK 00104070aTATCLbTATCLcGENd2023-05-24l0o621.382 KATp54067r2023-05-24w2023-05-24yBK c57703d57703